000 00277pam a2200121 a 4500
020 _c
041 _aeng
100 _aShaw.G.B.
245 _aA Fesaturless Chamipans & The Truth
_hTextual Documents
260 _a[s.l]:
_bProgress Publishing
300 _a419p.
930 _a15561
999 _c92461
_d92461